Network security : (Record no. 192174)
[ view plain ]
| 000 -LEADER | |
|---|---|
| fixed length control field | 00863nam a2200229Ia 4500 |
| 005 - DATE AND TIME OF LATEST TRANSACTION | |
| control field | 20241212142848.0 |
| 008 - FIXED-LENGTH DATA ELEMENTS--GENERAL INFORMATION | |
| fixed length control field | 210716s2010 xx 000 0 und d |
| 020 ## - INTERNATIONAL STANDARD BOOK NUMBER | |
| International Standard Book Number | 9788184870886 |
| 040 ## - CATALOGING SOURCE | |
| Transcribing agency | AIMIT LIBRARY |
| 041 ## - LANGUAGE CODE | |
| Language code of text/sound track or separate title | eng |
| 082 ## - DEWEY DECIMAL CLASSIFICATION NUMBER | |
| Classification number | 001.0720058 |
| Edition number | 1 |
| Item number | SARN |
| 245 ## - TITLE STATEMENT | |
| Title | Network security : |
| Remainder of title | issues challenges and techniques / |
| Statement of responsibility, etc. | Edited by Nityanada Sarma and Dhruba K Bhattacharyya. |
| 250 ## - EDITION STATEMENT | |
| Edition statement | 1st ed. |
| 260 ## - PUBLICATION, DISTRIBUTION, ETC. | |
| Place of publication, distribution, etc. | New Delhi : |
| Name of publisher, distributor, etc. | Narisa Publishing House , |
| Date of publication, distribution, etc. | 2010. |
| 300 ## - PHYSICAL DESCRIPTION | |
| Extent | xii,170p. ; |
| Other physical details | HB |
| Dimensions | 25.5 cm |
| 650 ## - SUBJECT ADDED ENTRY--TOPICAL TERM | |
| Topical term or geographic name entry element | Supersingularity and cyelicity of elliptie curves |
| 9 (RLIN) | 190326 |
| 650 ## - SUBJECT ADDED ENTRY--TOPICAL TERM | |
| Topical term or geographic name entry element | Vunlnerabilities in web browsers |
| 9 (RLIN) | 190327 |
| 650 ## - SUBJECT ADDED ENTRY--TOPICAL TERM | |
| Topical term or geographic name entry element | A review on applications of multimedia encryption |
| 9 (RLIN) | 190328 |
| 700 ## - ADDED ENTRY--PERSONAL NAME | |
| Personal name | Sharma,Nityanada., ed. |
| 9 (RLIN) | 190329 |
| 700 ## - ADDED ENTRY--PERSONAL NAME | |
| Personal name | Bhattacharyya, Dhruba K.,ed. |
| 9 (RLIN) | 190330 |
| 942 ## - ADDED ENTRY ELEMENTS (KOHA) | |
| Source of classification or shelving scheme | Dewey Decimal Classification |
| Koha item type | Book |
| Edition | 1st |
| Call number prefix | 001.0720058 SARN |
| Withdrawn status | Lost status | Source of classification or shelving scheme | Damaged status | Not for loan | Collection code | Home library | Current library | Shelving location | Source of acquisition | Cost, normal purchase price | Inventory number | Total Checkouts | Full call number | Barcode | Date last seen | Cost, replacement price | Price effective from | Koha item type |
|---|---|---|---|---|---|---|---|---|---|---|---|---|---|---|---|---|---|---|
| Dewey Decimal Classification | MCA | St Aloysius Institute of Management & Information Technology | St Aloysius Institute of Management & Information Technology | Cryptography & Network Security | Narosa Book Distributors | 550.00 | Bill no:61960; Bill dt:2012-02-0 | 001.0720058 SARN | MCA11682 | 07/21/2025 | 412.50 | 07/16/2021 | Book | |||||
| Dewey Decimal Classification | MCA | St Aloysius Institute of Management & Information Technology | St Aloysius Institute of Management & Information Technology | Cryptography & Network Security | Athulya Books | 550.00 | Bill no:ABK 577; Bill dt:2012-10 | 001.0720058 SARN | MCA12325 | 07/21/2025 | 412.50 | 07/16/2021 | Book | |||||
| Dewey Decimal Classification | MCA | St Aloysius Institute of Management & Information Technology | St Aloysius Institute of Management & Information Technology | Cryptography & Network Security | Narosa Book Distributors | 695.00 | Bill no:67452; Bill dt:2015-05-2 | 001.0720058 SARN | MCA14284 | 07/21/2025 | 521.25 | 07/16/2021 | Book |